|
|
|
|
| LEADER |
00000nab a2200000 ar4500 |
| 001 |
vtls008996757 |
| 003 |
SK-MaSNL |
| 005 |
20260303065751.0 |
| 008 |
070607c2006 xo er|p|||||||000 b|slo |
| 015 |
|
|
|a SNBRB2007/06
|2 snkbucl
|
| 038 |
|
|
|a SNKBUCL
|
| 040 |
|
|
|a SNKBUCL
|b slo
|c SNKBUCL
|e AACR2
|
| 041 |
0 |
|
|a slo
|
| 044 |
|
|
|a xo
|c SK
|
| 080 |
|
|
|a 640.43:339.138
|2 2001
|
| 100 |
1 |
|
|a Kováč, Pavel
|4 aut
|9 376910
|
| 245 |
1 |
0 |
|a Catering je zvláštny biznis
|b Róbert Šaradin sa musel niekoškokrát vrátiť, aby nakoniec išiel správnym smerom
|c Pavel Kováč
|
| 650 |
0 |
7 |
|a Catering
|2 snkbucl
|9 275158
|
| 773 |
0 |
|
|t Profit
|g Č. 25-26 (2006), s. 62-63
|x 1335-4620
|
| 852 |
|
|
|a SNK
|b KIS3GCP
|
| 999 |
|
|
|c 1752593
|d 1754523
|